| 000 | 00875nac a22003137a 4500 | ||
|---|---|---|---|
| 001 | BR0503695 | ||
| 003 | BR-BrBNA | ||
| 005 | 20240105123200.0 | ||
| 008 | 230509b bl.|||m| |||| 00| 0 por d | ||
| 040 |
_aBR-BrBNA _bpor _cBiblioteca Nacional de Agricultura |
||
| 072 | _aP30; P35 | ||
| 090 | _aP30 BR0503695 | ||
| 100 | 1 | _aWadt, P.G.S. | |
| 110 | 1 | _aEMBRAPA Acre, Rio Branco (Brasil) | |
| 245 | 1 | _aManejo de solos ácidos do Estado do Acre | |
| 260 | 3 |
_aRio Banco, AC (Brasil): _c2002. |
|
| 300 | _a28 p. | ||
| 490 |
_aDocumentos - EMBRAPA Acre (Brazil) _vno. 79 _xISSN 0104-9046 |
||
| 500 | _a49 ref. | ||
| 650 | _aSOLO ÁCIDO | ||
| 650 | _aMANEJO DO SOLO | ||
| 650 | _aCÁLCIO | ||
| 650 | _aALUMÍNIO | ||
| 650 | _aFITOTÓXICIDADE | ||
| 650 | _aCALAGEM | ||
| 650 | _aACRE | ||
| 909 |
_a202312 _bLúcia Elande _c55 _dLúcia Elande |
||
| 942 |
_2AGRIS _n0 _cMS |
||
| 999 |
_c294336 _d294336 |
||